000
00303nam a22001457a 4500
008
210302b ||||| |||| 00| 0 eng d
020
_a
9781259995538
041
_a
eng
080
_a
91
082
_a
91
100
_a
42
101
_a
GJEO
245
_a
Common Places
_c
Hoeffner, L
942
_2
udc
_c
BK
999
_c
55429
_d
55429